| Registos Bibliográficos associados ao registo de autoridade |
|
Etiqueta de registo: 00000nam 2200025 450 001 1898387 003 http://id.bnportugal.gov.pt/bib/catbnp/1898387 010 ## $a978-989-8724-43-4 021 ## $aPT$b384598/14 100 ## $a20150413d2014 m y0pory01030103ba 101 0# $apor 102 ## $aPT 105 ## $ay z 000gy 106 ## $ar 200 1# $aTodos os silêncios$epoesia$fMaria Afonso 205 ## $a1ª ed 210 #9 $aPóvoa de Santa Iria$cLua de Marfim,$d2014 215 ## $a87, [4] p.$d21 cm 225 2# $aLuar de poesia$v62 675 ## $a821.134.3-1"20"$vBN$zpor$31023893 700 #1 $aAfonso,$bMaria,$f1961-$31605748 801 #0 $aPT$bBN$gRPC 856 41 $uhttp://rnod.bnportugal.gov.pt/ImagesBN/winlibimg.aspx?skey=&doc=1898387&img=57758&save=true 900 ## $aBIBNAC$d20150506 966 ## $lBN$mFGMON$sL. 128499 V.$x1 966 ## $lBN$mFGMON$sL. 128499 V.-D$x1
Etiqueta de registo: 00230nam 2200025 450 001 2002447 003 http://id.bnportugal.gov.pt/bib/catbnp/2002447 010 ## $a978-989-8216-57-1 021 ## $aPT$b352509/12 100 ## $a20181010d2012 m d0pory01030103ba 101 0# $apor 102 ## $aPT 105 ## $ay z 000gy 106 ## $ar 200 1# $aAsa de azul$fMaria Afonso$gnota introd. Lusitana Ricardo 210 #9 $aGuarda$cCâmara Municipal da Guarda,$d2012 215 ## $a16 p.$d24 cm 225 2# $a O fio da memória$v111 675 ## $a821.134.3-1"20"$vBN$zpor$31023893 700 #1 $aAfonso,$bMaria,$f1961-$31605748 702 #1 $aRicardo,$bLusitana$4080$31727381 801 #0 $aPT$bBN$gRPC 856 41 $uhttp://rnod.bnportugal.gov.pt/ImagesBN/winlibimg.aspx?skey=&doc=2002447&img=115499&save=true 900 ## $aBIBNAC$d20181022 966 ## $lBN$mFGMON$sL. 145654 V.$x1 966 ## $lBN$mFGMON$sL. 145654 V.-D$x1
Etiqueta de registo: 00000nam 2200025 450 001 2011309 003 http://id.bnportugal.gov.pt/bib/catbnp/2011309 021 ## $aPT$b433054/17 100 ## $a20190115d2017 m y0pory01030103ba 101 0# $aspa$apor 102 ## $aPT 105 ## $aa z 000gy 106 ## $ar 200 1# $aInventário$fMario Rodríguez$gtrad. Fernando Pessanha 210 #9 $aTavira$c:)CanalSonora(:,$d2017 215 ## $a54, [4] p.$cil.$d15 cm 225 2# $aCS$v26 305 ## $aEd. bilingue em: espanhol-português 675 ## $a821.134.3-1"20"$vBN$zpor$31023893 700 #1 $aAfonso,$bMaria,$f1961-$31605748 702 #1 $aPessanha,$bFernando,$f1980-$4730$31527842 801 #0 $aPT$bBN$gRPC 856 41 $uhttp://rnod.bnportugal.gov.pt/ImagesBN/winlibimg.aspx?skey=&doc=2011309&img=119601&save=true 900 ## $aBIBNAC$d20190121 966 ## $lBN$mFGMON$sL. 114854 P.$x1
Etiqueta de registo: 00000nam 2200025 450 001 2011298 003 http://id.bnportugal.gov.pt/bib/catbnp/2011298 021 ## $aPT$b403760/16 100 ## $a20190115d2016 m y0pory01030103ba 101 0# $apor 102 ## $aPT 105 ## $aa z 000gy 106 ## $ar 200 1# $a ( Eu diria que nevava)$fMaria Afonso$gfot. Jorge Jubillot 210 #9 $aTavira$c:)CanalSonora(:,$d2016 215 ## $a54, [4] p.$cil.$d15 cm 225 2# $aCS$v16 675 ## $a821.134.3-1"20"$vBN$zpor$31023893 700 #1 $aAfonso,$bMaria,$f1961-$31605748 702 #1 $aJubilot,$bJorge$4600$31722696 801 #0 $aPT$bBN$gRPC 856 41 $uhttp://rnod.bnportugal.gov.pt/ImagesBN/winlibimg.aspx?skey=&doc=2011298&img=119603&save=true 966 ## $lBN$mFGMON$sL. 114927 P.$x1
Etiqueta de registo: 00230nam 2200025 450 001 2287350 003 http://id.bnportugal.gov.pt/bib/catbnp/2287350 010 ## $a978-989-677-222-2 021 ## $aPT$b563360/26 100 ## $a20260601d2026 m y0pory01030103ba 101 0# $apor 102 ## $aPT 105 ## $aa z 001yy 106 ## $ar 200 1# $aMistérios do som e da música$edo ruído do mundo à redescoberta da harmonia$ecom ilustrações poéticas de Maria Afonso$fJosé Manuel Freire$fil. poéticas Maria Afonso 205 ## $a1ª ed 210 #9 $aSintra$cZéfiro,$d2026 215 ## $a145, [3] p.$cil.$d23 cm 225 2# $aVentos da tradição 700 #1 $aFreire,$bJosé Manuel,$f1965 -$31344524 702 #1 $aAfonso,$bMaria,$f1961-$4205$31605748 801 #0 $aPT$bBN$gRPC 966 ## $lBN$mFGMON$x1 966 ## $lBN$mFGMON$x1 971 ## $cisantos$d20260601
|
|
|